000 00294nam a22001217a 4500
041 _aENG
100 _aLai.R
245 _aSoil Erosion Problems On An Aifisoi In Western Nigeria And Therir Control
260 _aDelhi
_bllta Monograph No.1
_c1998
300 _a208
650 _a48
856 _u48
999 _c3134
_d3134